Doctor Faustus/ (Record no. 10829)

MARC details
000 -LEADER
fixed length control field 00578cam a2200217ua 4500
005 - DATE AND TIME OF LATEST TRANSACTION
control field 20220929130404.0
008 - FIXED-LENGTH DATA ELEMENTS--GENERAL INFORMATION
fixed length control field 200211n ii |||gr||||Z||||||eng
020 ## - INTERNATIONAL STANDARD BOOK NUMBER
International Standard Book Number 9788186423417
020 ## - INTERNATIONAL STANDARD BOOK NUMBER
International Standard Book Number 8186423419
040 ## - CATALOGING SOURCE
Transcribing agency MAIN
Original cataloging agency IN-DiNC
041 ## - LANGUAGE CODE
Language code of sung or spoken text English
082 ## - DEWEY DECIMAL CLASSIFICATION NUMBER
Classification number 822
Item number MAR
100 ## - MAIN ENTRY--PERSONAL NAME
Personal name Marlowe, Christopher
Relator term Author
245 ## - TITLE STATEMENT
Title Doctor Faustus/
Statement of responsibility, etc. by Marlowe Christopher
260 ## - PUBLICATION, DISTRIBUTION, ETC.
Place of publication, distribution, etc. Delhi:
Name of publisher, distributor, etc. Worldview publications,
Date of publication, distribution, etc. 2016.
300 ## - PHYSICAL DESCRIPTION
Extent ix, 289p.
650 ## - SUBJECT ADDED ENTRY--TOPICAL TERM
Topical term or geographic name entry element English drama
700 ## - ADDED ENTRY--PERSONAL NAME
Personal name Mukherjee, Suroopa
Relator term Editor
942 ## - ADDED ENTRY ELEMENTS (KOHA)
Koha item type Books
Source of classification or shelving scheme Dewey Decimal Classification
653 ## - INDEX TERM--UNCONTROLLED
Uncontrolled term English drama
Holdings
Withdrawn status Lost status Damaged status Not for loan Home library Current library Shelving location Date acquired Total Checkouts Full call number Barcode Date last seen Date last checked out Copy number Price effective from Koha item type Source of classification or shelving scheme Collection code Cost, normal purchase price
        Central Library, Naharkatiya College Central Library, Naharkatiya College General Stacks 19/09/2020 4 822English drama | DOC 28203 04/10/2023 19/09/2023 1 19/09/2020 Books      
        Central Library, Naharkatiya College Central Library, Naharkatiya College General Stacks 19/09/2020 4 822English drama | DOC 28204 03/04/2023 18/03/2023 2 19/09/2020 Books      
        Central Library, Naharkatiya College Central Library, Naharkatiya College General Stacks 29/09/2022   822 MAR 28965 29/09/2022   3 29/09/2022 Books Dewey Decimal Classification English 225.00
        Central Library, Naharkatiya College Central Library, Naharkatiya College General Stacks 29/09/2022   822 MAR 28966 29/09/2022   4 29/09/2022 Books Dewey Decimal Classification English 225.00
        Central Library, Naharkatiya College Central Library, Naharkatiya College General Stacks 26/09/2023   822 MAR 29455 26/09/2023   5 26/09/2023 Books Dewey Decimal Classification English 235.00
        Central Library, Naharkatiya College Central Library, Naharkatiya College General Stacks 26/09/2023 1 822 MAR 29456 08/04/2024 21/03/2024 6 26/09/2023 Books Dewey Decimal Classification English 235.00
        Central Library, Naharkatiya College Central Library, Naharkatiya College General Stacks 26/09/2023   822 MAR 29457 26/09/2023   7 26/09/2023 Books Dewey Decimal Classification English 235.00

Naharkatiya College © 2020. All rights reserved.

Powered By